<?xml version="1.0" encoding="UTF-8"?>
<record
    xmlns:xsi="http://www.w3.org/2001/XMLSchema-instance"
    xsi:schemaLocation="http://www.loc.gov/MARC21/slim http://www.loc.gov/standards/marcxml/schema/MARC21slim.xsd"
    xmlns="http://www.loc.gov/MARC21/slim">

  <leader>02268nam a22002897a 4500</leader>
  <controlfield tag="008">251013b        |||||||| |||| 00| 0 eng d</controlfield>
  <datafield tag="020" ind1=" " ind2=" ">
    <subfield code="a">9788419131829</subfield>
  </datafield>
  <datafield tag="040" ind1=" " ind2=" ">
    <subfield code="c">TBS</subfield>
  </datafield>
  <datafield tag="041" ind1=" " ind2=" ">
    <subfield code="a">spa</subfield>
  </datafield>
  <datafield tag="041" ind1=" " ind2=" ">
    <subfield code="h">eng</subfield>
  </datafield>
  <datafield tag="100" ind1=" " ind2=" ">
    <subfield code="a">Quinn, Julia</subfield>
    <subfield code="d">1970-</subfield>
    <subfield code="9">26147</subfield>
    <subfield code="e">author</subfield>
  </datafield>
  <datafield tag="240" ind1=" " ind2=" ">
    <subfield code="a">The Viscount who loved me.</subfield>
    <subfield code="l">Spanish.</subfield>
  </datafield>
  <datafield tag="245" ind1=" " ind2=" ">
    <subfield code="a">El vizconde que me am&#xF3;</subfield>
    <subfield code="c">/ Julia Quinn ; translated by Rosa Arruti.</subfield>
  </datafield>
  <datafield tag="260" ind1=" " ind2=" ">
    <subfield code="a">Madrid :</subfield>
    <subfield code="b">Urano World Spain,</subfield>
    <subfield code="c">2024.</subfield>
  </datafield>
  <datafield tag="300" ind1=" " ind2=" ">
    <subfield code="a">380 pages :</subfield>
    <subfield code="b">illustrations (black and white) ;</subfield>
    <subfield code="c">24 cm.</subfield>
  </datafield>
  <datafield tag="490" ind1=" " ind2=" ">
    <subfield code="a">Bridgerton series Spanish ; </subfield>
    <subfield code="v">bk.02</subfield>
  </datafield>
  <datafield tag="520" ind1=" " ind2=" ">
    <subfield code="a">Los cotilleos de lady Whistledown no fallan nunca: una vez m&#xE1;s, Anthony Bridgerton es el soltero m&#xE1;s codiciado de la temporada en la alta sociedad victoriana. Pero este a&#xF1;o, el atractivo vizconde, el amante de la diversi&#xF3;n y el enemigo del compromiso, sorprende a todos y deciden buscar esposa y sentar cabeza. La joya m&#xE1;s preciada, la joven y hermosa Edwina Sheffield, es su elecci&#xF3;n natural. Pero para conseguirla ha de obtener antes la aprobaci&#xF3;n de la hermana mayor de la muchacha, Kate. Anthony comprob&#xF3; que convocar a esa mujer arrogante y decidida de que ha dejado de ser un v&#xED;vido o no es tarea f&#xE1;cil. Como tampoco lo es quit&#xE1;rsela de la cabeza cuando llega la noche.</subfield>
  </datafield>
  <datafield tag="520" ind1=" " ind2=" ">
    <subfield code="a">Lady Whistledown gossip never fails: once again, Anthony Bridgerton is the season's most coveted bachelor in Victorian high society. But this year, the attractive viscount, fun-loving and enemy of commitment, surprises everyone and decides to find a wife and settle down. The most precious jewel, the young and beautiful Edwina Sheffield, is her natural choice. But to get it, she must first get approval from the girl's older sister, Kate. Anthony will find that convincing this arrogant and determined woman that he is no longer a nurseryman is not an easy task. Nor is it to get it out of your head when the night comes.</subfield>
  </datafield>
  <datafield tag="650" ind1=" " ind2="0">
    <subfield code="a">Marriage</subfield>
    <subfield code="v">Fiction</subfield>
    <subfield code="9">26149</subfield>
  </datafield>
  <datafield tag="650" ind1=" " ind2="0">
    <subfield code="a">Sisters</subfield>
    <subfield code="v">Fiction</subfield>
    <subfield code="9">22940</subfield>
  </datafield>
  <datafield tag="650" ind1=" " ind2="0">
    <subfield code="a">Man-woman relationships </subfield>
    <subfield code="v">Fiction</subfield>
    <subfield code="9">11134</subfield>
  </datafield>
  <datafield tag="651" ind1=" " ind2="0">
    <subfield code="a">England</subfield>
    <subfield code="x">Social life and customs</subfield>
    <subfield code="y">19th century</subfield>
    <subfield code="v">Fiction</subfield>
    <subfield code="9">26150</subfield>
  </datafield>
  <datafield tag="655" ind1=" " ind2="0">
    <subfield code="a">Historical fiction</subfield>
    <subfield code="9">22722</subfield>
  </datafield>
  <datafield tag="655" ind1=" " ind2="0">
    <subfield code="a">Romance fiction</subfield>
    <subfield code="9">22778</subfield>
  </datafield>
  <datafield tag="700" ind1=" " ind2=" ">
    <subfield code="a">Arruti, Rosa</subfield>
    <subfield code="9">26148</subfield>
    <subfield code="e">translator</subfield>
  </datafield>
  <datafield tag="942" ind1=" " ind2=" ">
    <subfield code="2">lcc</subfield>
  </datafield>
  <datafield tag="952" ind1=" " ind2=" ">
    <subfield code="0">0</subfield>
    <subfield code="1">0</subfield>
    <subfield code="2">lcc</subfield>
    <subfield code="4">0</subfield>
    <subfield code="7">0</subfield>
    <subfield code="a">TBS</subfield>
    <subfield code="b">TBS</subfield>
    <subfield code="d">2025-10-13</subfield>
    <subfield code="l">0</subfield>
    <subfield code="o">P-SP QUI</subfield>
    <subfield code="p">B07686</subfield>
    <subfield code="r">2025-10-13</subfield>
    <subfield code="t">1</subfield>
    <subfield code="w">2025-10-13</subfield>
    <subfield code="y">1</subfield>
  </datafield>
  <datafield tag="999" ind1=" " ind2=" ">
    <subfield code="c">5043</subfield>
    <subfield code="d">5043</subfield>
  </datafield>
</record>
